| 000 | 00686nam a22002297a 4500 | ||
|---|---|---|---|
| 999 |
_c3800 _d3800 |
||
| 003 | OSt | ||
| 005 | 20241029095259.0 | ||
| 008 | 241029b ||||| |||| 00| 0 eng d | ||
| 020 | _a9789670616391 | ||
| 040 | _cKH8 | ||
| 082 | _a390 RIF | ||
| 100 |
_aRifqi Malek, _eauthor. |
||
| 245 |
_aSebab mulut badan binasa = The cost of backbiting / _cRifqi Malek. |
||
| 260 |
_aSelangor ; _bPenerbitan Afdal, _c2017. |
||
| 300 |
_a32 pages : _bcolor illustration ; _c26 cm. |
||
| 440 | _aSiri praktik etika murni | ||
| 650 |
_aChildren's stories _vMalay |
||
| 650 |
_aChildren's stories _vEnglish |
||
| 650 |
_aAnimals _vFiction |
||
| 650 | _aCustoms, etiquette & folklore. | ||
| 942 |
_2ddc _cTR |
||